Quizzes
Events
Quiz Creation
Community
Videos
Private Events
Remove Ads
Sign In
Join for FREE
Feedback
Dark Mode
Quiz Categories
Sports
Geography
Music
Movies
Television
Just For Fun
Miscellaneous
History
Literature
Language
Science
Gaming
Entertainment
Religion
Holiday
For Kids
Quiz Lab
Recent
Popular Today
Quiz Kudos Today
Editor Picks
Curator Picks
Quizzes by...
Day
Popularity
Type
Ratings
Length
Year
Community
Subscriptions
Recent Discussions
Orange Saloon
Badges
Playlists
Quests
Create
Leaderboards
Showdown
Live 5
Trivia Bingo
Activity
Puzzle Library
Sporcle Events
Private Events
Virtual Trivia
Globe League
Become a Host
Pub Owners
SporcleCon
Opinionation
Our Games
Videos
Blog
Mobile Apps
Partnerships
Remove Ads and Go Orange
Feedback
Gaming
Video Games
Board Games
Card Games
Pokémon
Mario
Nintendo
Minecraft
Console
Toys
Legend of Zelda
Gaming
Video Games
Board Games
Card Games
Pokémon
Mario
Nintendo
Minecraft
Console
Toys
Legend of Zelda
Random Quiz
Search Sporcle
×
Quiz Lab
Quiz Lab
Gaming
Video Games
Type in answers that appear in a list
Type in answers that appear in a list
Classic
Best Score? Go Orange.
Red Alert 2 + Yuri's Revenge Units Stats
Can you name the Red Alert 2+ Yuri's Revenge Units?
By
Kallgar
8m
72 Questions
317 Plays
317 Plays
317 Plays
Comments
Comments
Give Quiz Kudos
Give Quiz Kudos
-
- Ratings
hide this ad
Replay
Link that replays current quiz
Next Quiz
Link to next quiz in quiz playlist
You Got
0%
They Got
Avg Score
70%
Avg Friend Score
Upgrade to see
Score Distribution
Jump to the score distribution portion of the page
Score
0/72
Timer
08:00
1
Play Today
Built at
Unit
% Correct
Barracks
GI
98.4%
Barracks
Tanya
93.4%
Barracks
Engineer
91.8%
Barracks
Engineer
91.8%
Barracks
Engineer
91.8%
Barracks
Attack Dog
89.3%
Barracks
Attack Dog
89.3%
Barracks
Spy
86.8%
Barracks
Conscript
86.8%
Barracks
Yuri Prime
85.8%
Barracks (Unique)
Sniper
85.2%
Barracks
Guardian GI
84.9%
War Factory
Prism Tank
84.9%
War Factory
Grizzly Tank
83.3%
War Factory
Mirage Tank
82.6%
Barracks
Flak Trooper
81.1%
Barracks
Yuri Clone
80.8%
War Factory
Rhino Tank
80.4%
War Factory
IFV
79.8%
Naval Yard
Destroyer
79.8%
Barracks
Rocketeer
79.2%
Air Force Command
Harrier
78.9%
Barracks
Tesla Trooper
78.5%
Barracks
Boris
78.2%
War Factory (Unique)
Tesla Tank
77.6%
Naval Yard
Dolphin
77.3%
Barracks
SEAL
77%
Barracks (Unique)
Desolator
76.7%
War Factory
Chrono Miner
76.3%
Air Force Command (Unique)
Black Eagle
76.3%
War Factory
Apocalypse Tank
76.3%
Barracks
Brute
76%
Barracks
Virus
73.8%
War Factory
Flak Track
73.5%
Barracks
Initiate
73.5%
Barracks
Crazy Ivan
73.2%
Built at
Unit
% Correct
War Factory (Unique)
Tank Destroyer
72.6%
War Factory
War Miner
72.2%
War Factory
Kirov Airship
69.4%
Barracks
Chrono Legionnaire
67.8%
War Factory
Master Mind
67.8%
War Factory (Unique)
Demo Truck
67.5%
Naval Yard
Aegis Cruiser
67.2%
War Factory
Battle Fortress
66.6%
Barracks (Unique)
Terrorist
66.6%
War Factory
Terror Drone
65.6%
Barracks
Chrono Ivan
64.7%
Barracks
Chrono Commando
64.4%
Sub Pen
Boomer
64.4%
War Factory
Slave Miner
64%
Naval Yard
Giant Squid
63.7%
War Factory
Lasher Tank
63.4%
War Factory
Allied MCV
63.1%
War Factory
Soviet MCV
62.8%
Naval Yard
Dreadnought
62.8%
War Factory
Yuri MCV
62.5%
Naval Yard
Amphibious Transport
61.2%
Naval Yard
Amphibious Transport
61.2%
Sub Pen
Amphibious Transport
61.2%
War Factory
Gattling Tank
58.7%
War Factory
Magnetron
53.6%
War Factory
Nighthawk
53.3%
Naval Yard
Carrier
52.4%
Air Force Command (Unique)
Paratrooper
48.3%
War Factory
Siege Chopper
48.3%
Naval Yard
Attack Sub
47%
War Factory
V3 Launcher
46.4%
Naval Yard
Scorpion
45.4%
War Factory
Robot Tank
45.1%
War Factory
Chaos Drone
42.3%
War Factory
Floating Disc
42.3%
Barracks
Psychic Commando
33.8%
Quiz Playlist
Details
Report
Send in Message
Add To Playlist
Classic:
Type in answers that appear in a list
Last Updated: Feb 16, 2017
Quiz Scoreboard
CHALLENGE
Sign Up to Join the Scoreboard
Show All
Scores
Hide
Comments
May contain spoilers
Recently Published
College Basketball Coaching Resumes
by pancakes188
Sports
9m
Billboard Blitz: Fleetwood Mac
by CooCooCachoo
Music
15s
Presidents Visiting Landmarks
by Hejman
History
7m
More to Explore
Quiz From the Vault
Featured Blog Post
Where Did the Easter Bunny Come From?
hide this ad
You Might Also Like...
Tags
Video Games Quiz
Allied
Red Alert
rts
Soviet Union
Strategy
Today's Top Quizzes in Gaming
Browse Gaming
hide this ad
Today's Top Quizzes in Video Games
Browse Video Games
Top Contributed Quizzes in Gaming
1
5-to-1: Consoles
2
7-to-1: Board Game Piece Blitz
3
5-to-1: Legend of Zelda
4
Destiny 2 exotic weapons by perk icons
5
League of Legends Pro Players by Career/Team History
6
Ultimate Genshin Impact Logic Puzzle (up to 4.3)
7
Franchise by Action Figure
8
Who's on the WWE 2K24 Cover?
9
Genshin Impact Logic Puzzle Quiz
10
Overwatch Logic Puzzle
Explore More
Trending Topics
Marvel
Crossword
Harry Potter
Anime
Disney
Kpop
NBA
Puzzle
Song
NFL
Pokémon
Country
WWE
The Office
Soccer
hide this ad
More By:
Kallgar
Quiz
Plays
Rating
Category
Featured
Created
Guild Wars Missions
339
4.00
Gaming
Nov 12, 2009
Red Alert 2 + Yuri's Revenge Units
316
4.00
Gaming
Apr 5, 2011
Alphabet
136
2.00
Miscellaneous
Nov 22, 2009
Gaming 'A' Game
23
1.75
Gaming
May 18, 2011
Go to Creator's Profile
Score Distribution
Quiz Creator Spotlight
Kallgar
Follow
Send a Message
Quizzes Created
-
Created Quiz Play Count
-
More By This Creator
Popular Quizzes Today
1
Find the US States - No Outlines Minefield
2
Find the Countries of Europe - No Outlines Minefield
3
The Countries of the World
4
Find the US States
5
Risky Map Clicking: Biggest States A-Z
6
US States
7
Popular People in 1961
8
Movies - When Are They Set?
More Gaming Quizzes
Complete the Among Us Terms
Published
Trending Quizzes
Risky Map Clicking: Least Populous States A-Z
1-10 Letter G Words
1-10 Letter F Words
Risky Map Clicking: Next State Alphabetically
Risky Map Clicking: Biggest States A-Z
Recently Updated
Leaping Animals
pecheneg
Reality TV Shows (A-Z)
bhenderson79
Rickey Henderson's Hall of Fame Teammates
pecheneg
Champions League XIs: Arsenal
pecheneg
Quick Pick: Celebrities in WWE's Hall of Fame
aduchscher
A-Z Keypad Blitz II
pecheneg
Multiple Oscar Actors
pecheneg
Mystery Phrase Blitz: Oscar 'Best Actors'
pecheneg
F. Scott Fitzgerald Novels
LTH
Pick 3 Villains
ddd62291
Trending Topics
Crossword
NBA
Kpop
Disney
Anime
Harry Potter
Marvel
Country
NFL
Soccer
Puzzle
Song
WWE
The Office
Pokémon
Your Account Isn't Verified!
In order to create a playlist on Sporcle, you need to verify the email address you used during registration. Go to your
Sporcle Settings
to finish the process.
Report this User
Report this user for behavior that violates our
Community Guidelines
.
Details:
Send Report
Go to the Sporcle.com Mobile Site →
Comments